Les plus grands classiques du cinéma - Statistiques

Statistiques générales
  • Ce quiz a été pris 243 fois
  • Le résultat moyen est 7 sur 10
Statistiques - réponses
Indices Réponse % Correct
Film qui a pour phrase culte : "Je suis ton père". Star Wars
99%
Réalisé par Steven Spielberg et sorti en 1993, il a fait revenir les dinosaures sur grand écran. Jurassic Park
97%
Film sur le paquebot le plus célèbre de l'histoire, sorti en 1997. Titanic
97%
Film de Quentin Tarantino de 1994, avec John Travolta et Samuel L. Jackson. Pulp Fiction
85%
Réalisé par Francis Ford Coppola en 1972. Le Parrain
69%
Réalisé par Alfred Hitchcock et sorti en 1960. Psychose
69%
Film d'horreur de 1973 sur une possession démoniaque. L'Exorciste
68%
Film qui se déroule en 1959 à l'Overlook Hotel, réalisé par Stanley Kubrick en 1980. Shining
68%
Réalisé par Stanley Kubrick en 1968. 2001, l'Odyssée de l'espace
47%
Film en noir et blanc de 1980, réalisé par le célèbre David Lynch. Elephant Man
40%
Aucun quiz correspondant
Distribution des résultats
% des personnes avec chaque résultat
Percentile par nombre de réponses
Votre historique - résultats
Vous n’avez pas pris ce quiz